| 000 | 00486nam a2200181Ia 4500 | ||
|---|---|---|---|
| 001 | 16696 | ||
| 005 | 20260306170329.0 | ||
| 008 | 260306t2015||||xx |||||||||||||| ||und|| | ||
| 041 | _aESP | ||
| 082 |
_a349.51 _bG71 |
||
| 100 |
_aGonzález Inchaurraga, Iñigo _eAUT |
||
| 245 | 0 |
_aDerecho chino: _buna introducción para diplomáticos, empresarios y políticos |
|
| 260 | _c2015 | ||
| 300 |
_a459 páginas : _c21 cm. |
||
| 650 | _aGEN | ||
| 654 | _aCDE | ||
| 942 |
_cLIB _dJUS _fJUS _2ddc _n |
||
| 999 |
_c16696 _d16696 |
||